Cronilíricas de Aurora de Albornoz y El oro de Mallorca de Rubén Darío (Record no. 197320)
[ view plain ]
| 000 -LEADER | |
|---|---|
| campo de control de longitud fija | 02115nim a2200409 i 4500 |
| 001 - NÚMERO DE CONTROL | |
| campo de control | 197320 |
| 003 - IDENTIFICADOR DE NÚMERO DE CONTROL | |
| campo de control | ES-MaACL |
| 005 - FECHA Y HORA DE LA ÚLTIMA TRANSACCIÓN | |
| campo de control | 20260220164319.0 |
| 007 - CAMPO FIJO DE DESCRIPCIÓN FÍSICA--INFORMACIÓN GENERAL | |
| campo de control de longitud fija | ss lsnjlcipnne |
| 008 - DATOS DE LONGITUD FIJA--INFORMACIÓN GENERAL | |
| campo de control de longitud fija | 190525s1991 sp nnnn |||| 00| spa d |
| 040 ## - FUENTE DE CATALOGACIÓN | |
| Lengua de catalogación | spa |
| Centro/agencia transcriptor | ES-MaACL |
| 245 00 - MENCIÓN DEL TÍTULO | |
| Título | Cronilíricas de Aurora de Albornoz y El oro de Mallorca de Rubén Darío |
| Medio | [Grabación sonora] : |
| Resto del título | presentación de los libros de la Colección Devenir / |
| Mención de responsabilidad, etc. | intervienen Pureza Canelo, José Luis Cano, Teodosio Fernández, José Ramón Ripoll y Fanny Rubio ; presenta Miguel Losada |
| 260 ## - PUBLICACIÓN, DISTRIBUCIÓN, ETC. | |
| Lugar de publicación, distribución, etc. | Madrid : |
| Nombre del editor, distribuidor, etc. | Ateneo de Madrid, |
| Fecha de publicación, distribución, etc. | 1991 |
| 300 ## - DESCRIPCIÓN FÍSICA | |
| Extensión | 1 casete (ca. 90 min) : |
| Otras características físicas | son. ; |
| Dimensiones | 11 cm |
| 490 1# - MENCIÓN DE SERIE | |
| Materiales especificados | Actos culturales en el Ateneo de Madrid |
| 511 ## - NOTA DE PARTICIPANTES O INTÉRPRETES | |
| Nota de participantes o intérpretes | Intervienen Pureza Canelo, poetisa; José Luis Cano, escritor; Teodosio Fernández, autor; José Ramón Ripoll, escritor y poeta; y Fanny Rubio, investigadora y escritora. Modera Miguel Losada. |
| 518 ## - NOTA DE FECHA/HORA Y LUGAR DE UN ACONTECIMIENTO | |
| Nota de fecha/hora y lugar de un acontecimiento | Grabado el 22 de febrero de 1991 en el Salón de Actos del Ateneo de Madrid. |
| 520 ## - RESUMEN, ETC. | |
| Sumario, etc. | Presentación de los libros de la Colección Devenir "Cronilíricas" de Aurora de Albornoz y "El oro de Mallorca" de Rubén Darío, en el LII aniversario de la muerte de Antonio Machado. |
| 540 ## - NOTA DE CONDICIONES DE USO Y REPRODUCCIÓN | |
| Condiciones de uso y reproducción | Documento inédito |
| 594 ## - Nota al título y mención de responsabilidad | |
| a | Datos basados en la invitación. |
| 600 #0 - PUNTO DE ACCESO ADICIONAL DE MATERIA--NOMBRE DE PERSONA | |
| Nombre de persona | Álbornoz, Aurora de, |
| Fechas asociadas al nombre | 1926-1990. |
| Título de la obra | Cronilíricas |
| 9 (RLIN) | 240545 |
| 600 ## - PUNTO DE ACCESO ADICIONAL DE MATERIA--NOMBRE DE PERSONA | |
| Nombre de persona | Darío, Rubén. |
| Título de la obra | El oro de Mallorca |
| 9 (RLIN) | 240546 |
| 610 20 - PUNTO DE ACCESO ADICIONAL DE MATERIA--NOMBRE DE ENTIDAD CORPORATIVA | |
| Nombre de entidad corporativa o nombre de jurisdicción como elemento de entrada | Ateneo de Madrid- |
| Subdivisión general | Actos culturales- |
| Subdivisión cronológica | 1991- |
| Subdivisión de forma | Grabaciones sonoras |
| 9 (RLIN) | 240452 |
| 653 ## - TÉRMINO DE INDIZACIÓN--NO CONTROLADO | |
| Término no controlado | Archivo de la palabra |
| 700 1# - ENTRADA AGREGADA--NOMBRE PERSONAL | |
| Nombre de persona | Losada, Miguel |
| Término indicativo de función/relación | Moderador |
| 9 (RLIN) | 74261 |
| 700 1# - ENTRADA AGREGADA--NOMBRE PERSONAL | |
| 9 (RLIN) | 34483 |
| Nombre de persona | Canelo, Pureza, |
| Fechas asociadas al nombre | 1946- |
| Término indicativo de función/relación | Orador |
| 700 1# - ENTRADA AGREGADA--NOMBRE PERSONAL | |
| 9 (RLIN) | 34532 |
| Nombre de persona | Cano, José Luis, |
| Fechas asociadas al nombre | 1912-1999 |
| Término indicativo de función/relación | Orador |
| 700 0# - ENTRADA AGREGADA--NOMBRE PERSONAL | |
| 9 (RLIN) | 49431 |
| Nombre de persona | Fernández, Teodosio |
| Término indicativo de función/relación | Orador |
| 700 0# - ENTRADA AGREGADA--NOMBRE PERSONAL | |
| 9 (RLIN) | 97427 |
| Nombre de persona | Ripoll, José Ramón, |
| Fechas asociadas al nombre | 1952- |
| Término indicativo de función/relación | Orador |
| 700 1# - ENTRADA AGREGADA--NOMBRE PERSONAL | |
| 9 (RLIN) | 100343 |
| Nombre de persona | Rubio, Fanny, |
| Fechas asociadas al nombre | 1949- |
| Término indicativo de función/relación | Orador |
| 710 2# - ENTRADA AGREGADA--NOMBRE DE ENTIDAD CORPORATIVA | |
| 9 (RLIN) | 1875 |
| Nombre de entidad corporativa o nombre de jurisdicción como elemento de entrada | Ateneo de Madrid |
| Término indicativo de función/relación | Sede |
| 830 #0 - PUNTO DE ACCESO ADICIONAL DE SERIE-TÍTULO UNIFORME | |
| Título uniforme | Actos culturales en el Ateneo de Madrid |
| 9 (RLIN) | 240237 |
| 852 ## - LOCALIZACIÓN | |
| Ubicación | ES-MaACL |
| Ubicación en estantería | Depósito Z |
| itemnumber | 205611 |
| 942 ## - ELEMENTOS DE ENTRADA SECUNDARIOS (KOHA) | |
| Fuente del sistema de clasificación o colocación | Clasificación decimal universal |
| Suprimir en OPAC | No |
| Tipo de ítem Koha | Casete |
| Estatus retirado | Estado de pérdida | Fuente del sistema de clasificación o colocación | Estado de daño | No para préstamo | Colección | Biblioteca de origen | Biblioteca actual | Ubicación en estantería | Fecha de adquisición | Total de préstamos | Signatura topográfica completa | Código de barras | Visto por última vez | Precio de reemplazo | Tipo de ítem Koha |
|---|---|---|---|---|---|---|---|---|---|---|---|---|---|---|---|
| Clasificación decimal universal | Archivo de la palabra | Biblioteca del Ateneo de Madrid | Biblioteca del Ateneo de Madrid | Depósito Z | 19/05/2025 | AP/1230 bis | 2025-0355 | 19/05/2025 | 19/05/2025 | Casete |
